| 000 | 00560cam a22002291 4500 | ||
|---|---|---|---|
| 001 | 9675863 | ||
| 005 | 20171222070017.0 | ||
| 008 | 811121s1927 xx a 000 0 eng | ||
| 010 | _a 27024283 | ||
| 035 | _a(OCoLC)14745155 | ||
| 040 |
_aDLC _cDNLM _dNNSU-OP _dDLC |
||
| 041 | _aeng | ||
| 042 | _apremarc | ||
| 060 | 0 |
_aWW 415 _bW687s 1927 |
|
| 080 | _a617 WIL | ||
| 082 | _a617 WIL | ||
| 100 | 1 | _a8 | |
| 101 | _aOFT | ||
| 245 | 1 | 0 | _aStrabismus; its etiology and treatment. |
| 906 |
_a7 _bcbc _coclcrpl _du _encip _f19 _gy-gencatlg |
||
| 942 |
_2ddc _cBK |
||
| 999 |
_c39327 _d39327 |
||